УИРС. Часть 1 / ДО 2017 (38.03.01): электронный курс
| Autore principale: | |
|---|---|
| Ente Autore: | |
| Riassunto: | Заглавие с экрана Основная цель изучения курса "Учебно-исследовательская работа студентов" состоит в том, чтобы привить студентам навыки самостоятельной теоретической и экспериментальной работы, ознакомить их с современными методами проведения научных исследований, реальными условиями работы в научном и производственном коллективах. В процессе обучения по курсу "Учебно-исследовательская работа студентов" Вы приобретете необходимые знания в области специальной экономической терминологии и лексики, научитесь аргументировано излагать свои мысли; использовать в своей учебно-исследовательской работе различные поисковые базы данных с научной литературой; представлять итоги проделанной работы в виде отчетов, рефератов, оформленных в соответствии с имеющимися требованиями, с привлечением современных средств редактирования и печати. Курс спроектирован на основе рабочей программы по модульно-тематическому принципу и включает 3 основных учебных модуля и 1 модуль промежуточной аттестации. Каждый учебный модуль отражает определенный этап работы над проектом, в рамках которого формируются соответствующие результаты обучения. В курсе рассматриваются вопросы, касающиеся специфики написания научного текста и его форматирования; осуществления поиска информации в реферативных базах данных; оформления результатов исследования. Доступ по логину и паролю |
| Lingua: | russo |
| Pubblicazione: |
Томск, TPU Moodle, 2018
|
| Soggetti: | |
| Accesso online: | https://design.lms.tpu.ru/course/view.php?id=4191 |
| Natura: | MixedMaterials Elettronico Libro |
| KOHA link: | https://koha.lib.tpu.ru/cgi-bin/koha/opac-detail.pl?biblionumber=662176 |
MARC
| LEADER | 00000nlm0a2200000 4500 | ||
|---|---|---|---|
| 001 | 662176 | ||
| 005 | 20231219150604.0 | ||
| 035 | |a (RuTPU)RU\TPU\network\33311 | ||
| 035 | |a RU\TPU\network\17147 | ||
| 090 | |a 662176 | ||
| 100 | |a 20200526d2018 m y0rusy50 ca | ||
| 101 | 0 | |a rus | |
| 102 | |a RU | ||
| 105 | |a a j 000zy | ||
| 135 | |a jrcn ---uucaa | ||
| 181 | 0 | |a i | |
| 182 | 0 | |a b | |
| 200 | 1 | |a УИРС. Часть 1 / ДО 2017 (38.03.01) |e электронный курс |f Е. А. Таран |g Национальный исследовательский Томский политехнический университет (ТПУ), Институт социально-гуманитарных технологий (ИСГТ), Кафедра экономики (ЭКОН) | |
| 203 | |a Текст |c электронный | ||
| 210 | |a Томск |c TPU Moodle |d 2018 | ||
| 300 | |a Заглавие с экрана | ||
| 330 | |a Основная цель изучения курса "Учебно-исследовательская работа студентов" состоит в том, чтобы привить студентам навыки самостоятельной теоретической и экспериментальной работы, ознакомить их с современными методами проведения научных исследований, реальными условиями работы в научном и производственном коллективах. В процессе обучения по курсу "Учебно-исследовательская работа студентов" Вы приобретете необходимые знания в области специальной экономической терминологии и лексики, научитесь аргументировано излагать свои мысли; использовать в своей учебно-исследовательской работе различные поисковые базы данных с научной литературой; представлять итоги проделанной работы в виде отчетов, рефератов, оформленных в соответствии с имеющимися требованиями, с привлечением современных средств редактирования и печати. Курс спроектирован на основе рабочей программы по модульно-тематическому принципу и включает 3 основных учебных модуля и 1 модуль промежуточной аттестации. Каждый учебный модуль отражает определенный этап работы над проектом, в рамках которого формируются соответствующие результаты обучения. В курсе рассматриваются вопросы, касающиеся специфики написания научного текста и его форматирования; осуществления поиска информации в реферативных базах данных; оформления результатов исследования. | ||
| 333 | |a Доступ по логину и паролю | ||
| 606 | 1 | |a Студенты |x Научно-исследовательская работа |2 stltpush |3 (RuTPU)RU\TPU\subj\68806 |9 83939 | |
| 610 | 1 | |a электронный ресурс | |
| 610 | 1 | |a труды учёных ТПУ | |
| 610 | 1 | |a электронное обучение | |
| 610 | 1 | |a электронные курсы ТПУ | |
| 610 | 1 | |a учебные пособия | |
| 610 | 1 | |a электронные учебные пособия | |
| 610 | 1 | |a учебно-исследовательские работы | |
| 610 | 1 | |a реферативные журналы | |
| 610 | 1 | |a базы данных | |
| 610 | 1 | |a поиск информации | |
| 686 | |a Ч481.268я73 |2 rubbk | ||
| 700 | 1 | |a Таран |b Е. А. |c экономист |c старший преподаватель Томского политехнического университета |f 1981- |g Екатерина Александровна |3 (RuTPU)RU\TPU\pers\25771 |9 11664 | |
| 712 | 0 | 2 | |a Национальный исследовательский Томский политехнический университет (ТПУ) |b Институт социально-гуманитарных технологий (ИСГТ) |b Кафедра экономики (ЭКОН) |3 (RuTPU)RU\TPU\col\18375 |
| 801 | 2 | |a RU |b 63413507 |c 20220708 |g RCR | |
| 856 | 4 | |u https://design.lms.tpu.ru/course/view.php?id=4191 | |
| 942 | |c CF | ||